Catálogo

The library liaison's training guide to collections management / (Registro nro. 69438)

Detalles MARC
000 -LEADER
fixed length control field 01280nam a2200313 i 4500
001 - CONTROL NUMBER
control field 69438
003 - CONTROL NUMBER IDENTIFIER
control field Mx-PuUPA
005 - DATE AND TIME OF LATEST TRANSACTION
control field 20220519093335.0
008 - FIXED-LENGTH DATA ELEMENTS--GENERAL INFORMATION
fixed length control field 220516s2020 ilu |||fr|||| 00| 0 eng d
020 ## - INTERNATIONAL STANDARD BOOK NUMBER
International Standard Book Number 9780838948026
040 ## - CATALOGING SOURCE
Original cataloging agency Mx-PuUPA
Language of cataloging spa
Transcribing agency Mx-PuUPA
Modifying agency Mx-PuUPA
Description conventions rda
041 0# - LANGUAGE CODE
Language code of text/sound track or separate title eng
100 1# - MAIN ENTRY--PERSONAL NAME
9 (RLIN) 12604
Personal name Armstrong, Alison M.,
Dates associated with a name 1978-
Relator term autor
245 14 - TITLE STATEMENT
Title The library liaison's training guide to collections management /
Statement of responsibility, etc. Alison M. Armstrong, Lisa Dinkle
264 #1 - PRODUCTION, PUBLICATION, DISTRIBUTION, MANUFACTURE, AND COPYRIGHT NOTICE
Place of production, publication, distribution, manufacture Chicago :
Name of producer, publisher, distributor, manufacturer ALA Editions,
-- ALCTS Publishing,
Date of production, publication, distribution, manufacture, or copyright notice ©2020
300 ## - PHYSICAL DESCRIPTION
Extent x, 102 páginas ;
Dimensions 23 cm
336 ## - CONTENT TYPE
Fuente redacontent
Content type term texto
Content type code txt
337 ## - MEDIA TYPE
Source rdamedia
Media type term sin medio
Media type code n
338 ## - CARRIER TYPE
Source rdacarrier
Carrier type term volumen
Carrier type code nc
490 0# - SERIES STATEMENT
Series statement An ALCTS monograph
650 #7 - SUBJECT ADDED ENTRY--TOPICAL TERM
Source of heading or term armarc
Topical term or geographic name entry element Bibliotecas académicas
General subdivision Desarrollo de colecciones
Geographic subdivision Estados Unidos
Form subdivision Manuales, etc
650 #7 - SUBJECT ADDED ENTRY--TOPICAL TERM
Source of heading or term armarc
Topical term or geographic name entry element Bibliotecarios de enlace
General subdivision Capacitación
Geographic subdivision Estados Unidos
Form subdivision Manuales
650 #7 - SUBJECT ADDED ENTRY--TOPICAL TERM
Source of heading or term armarc
Topical term or geographic name entry element Bibliotecas académicas
General subdivision Relaciones con la facultad y el currículo
Geographic subdivision Estados Unidos
Form subdivision Manual, etc
700 1# - ADDED ENTRY--PERSONAL NAME
Personal name Dinkle, Lisa,
Relator term autor
942 ## - ADDED ENTRY ELEMENTS (KOHA)
Source of classification or shelving scheme Dewey Decimal Classification
Koha item type Libro
Classification part 025.21877
Item part A727
Existencias
Withdrawn status Lost status Source of classification or shelving scheme Damaged status Not for loan Collection code Home library Current library Shelving location Date acquired Source of acquisition Cost, normal purchase price Total Checkouts Full call number Barcode Date last seen Cost, replacement price Price effective from Koha item type
    Dewey Decimal Classification     General Biblioteca Karol Wojtyla Biblioteca Karol Wojtyla Sala general 06/08/2024 2 1413.37   025.21877 A727 2020 102086 05/01/2026 1413.37 06/08/2024 Reserva permanente